[Event "Rapid Match"]
[Site "Miskolc HUN"]
[Date "2010.08.29"]
[Round "8"]
[White "Leko,P"]
[Black "Gelfand,B"]
[Result "*"]
[WhiteElo "2734"]
[BlackElo "2739"]
[EventDate "2010.08.25"]

1. d4 d5 2. c4 c6 3. Nf3 Nf6 4. Nc3 e6 5. Bg5 h6 6. Bh4 dxc4 7. e4 g5 8.
Bg3 b5 9. Ne5 Bb7 10. h4 Bg7 11. hxg5 hxg5 12. Rxh8+ Bxh8 13. Bxc4 bxc4 14.
Nxc4 Kf8 15. Nd6 Qe7 16. e5 Ne8 17. Nce4 Nxd6 18. exd6 Qe8 19. Be5 *